000 00417nam a2200181Ia 4500
000 00746ngmaa2200277 a 4500
003 RNL
006 g||||fr|||| a0| fz
007 hj bfb|||baap
008 090707b ii f a fnsan d
040 _aeng
100 _aSekhon, Sukhdev Singh, ed.
245 _aPunjabi lok sahit
260 _aAmritar
260 _bWaris Shah Foundation
260 _c2008
942 _cBK
999 _c22306
_d22306